Manual de Segundo Grado. Segunda parte

Gespeichert in:
Bibliographische Detailangaben
Format: keine Angabe
Sprache:Spanisch
Erschienen: 1-Barcelona,España Imprenta Elzeviriana 1921
Katalog:MANES:  Suchergebnis im Bibliothekskatalog
Schulbuchspezifische Eigenschaften:
Tags: Tag hinzufügen
Keine Tags, Fügen Sie den ersten Tag hinzu!
Hinzugefügt zu:26.04.2016

MARC

LEADER 000000000a22000000004500
001 14223
003 OSt
008 160427s sp ||||| |||| 00| 0 spa d
041 1 |a spa 
040 |c centro_manes 
691 7 |a PRI 
245 0 0 |a Manual de Segundo Grado. Segunda parte 
260 3 |a 1-Barcelona,España  |b Imprenta Elzeviriana  |c 1921 
300 |a 139 p.  |c 18 x 12 cm. 
690 0 |a EyL 
942 |2 ddc  |c BK 
999 |c 20197  |d 20197 
999 |c manes:20197  |d 20197